A street in srinagar / (Record no. 39204)
[ view plain ]
| 000 -LEADER | |
|---|---|
| fixed length control field | 02357nam a22003737a 4500 |
| 005 - DATE AND TIME OF LATEST TRANSACTION | |
| control field | 2010080404034.0 |
| 010 ## - LCCN (DPL NO) | |
| LC control number | ENG-98186 B-440885-886 B-428321 B-423092-094 |
| 020 ## - INTERNATIONAL STANDARD BOOK NUMBER | |
| International Standard Book Number | 9788189013721 |
| Terms of availability | 295.00 |
| 035 ## - SYSTEM CONTROL NUMBER | |
| System control number | EN-81719 |
| 035 ## - SYSTEM CONTROL NUMBER | |
| System control number | B-440885-886 |
| 035 ## - SYSTEM CONTROL NUMBER | |
| System control number | B-428321 |
| 035 ## - SYSTEM CONTROL NUMBER | |
| System control number | B-423092-094 |
| 037 ## - SOURCE OF ACQUISITION | |
| Source of stock number/acquisition | DBAD/PUB |
| 037 ## - SOURCE OF ACQUISITION | |
| Source of stock number/acquisition | Researchco Book Centre |
| 082 ## - DEWEY DECIMAL CLASSIFICATION NUMBER | |
| Classification number | N |
| 100 ## - MAIN ENTRY--PERSONAL NAME | |
| Personal name | Chandrakanta |
| 245 ## - TITLE STATEMENT | |
| Title | A street in srinagar / |
| Statement of responsibility, etc | by Chandrakanta ; translated by Manisha Chaudhary |
| 260 ## - PUBLICATION, DISTRIBUTION, ETC. (IMPRINT) | |
| Place of publication, distribution, etc | New Delhi |
| Name of publisher, distributor, etc | Zubaan |
| Date of publication, distribution, etc | 2010 |
| 270 ## - ADDRESS | |
| Address | 128B Shahpur Jat, 1st Floor |
| City | New Delhi |
| 300 2# - PHYSICAL DESCRIPTION | |
| Extent | 221p. |
| Dimensions | 21cm (pbk) |
| 650 ## - SUBJECT ADDED ENTRY--TOPICAL TERM | |
| Topical term or geographic name as entry element | Novel |
| 700 ## - ADDED ENTRY--PERSONAL NAME | |
| Personal name | Chaudhary, Manisha |
| 9 (RLIN) | 5933 |
| 942 ## - ADDED ENTRY ELEMENTS (KOHA) | |
| Source of classification or shelving scheme | Dewey Decimal Classification |
| Item type | English Books |
| Classification part | N |
| Call number suffix | CHA |
| Withdrawn status | Lost status | Not for loan | Collection code | Home library | Current library | Date acquired | Source of acquisition | Cost, normal purchase price | Full call number | Barcode | Copy number | Cost, replacement price | Koha item type |
|---|---|---|---|---|---|---|---|---|---|---|---|---|---|
| Fiction | Central Library | Central Library | 03/08/2011 | Researchco Book Centre/RBC-25096/2011-12/R/20.4.11/76/4.3.11/9.6.11 | 295.00 | N CHA | B-440885 | 1 | 295.00 | English Books | |||
| Not For Loan | Fiction | D.B.Act.Division | D.B.Act.Division | 04/08/2010 | DBAD/PUB | 295.00 | N CHA | EN-81719 | 1 | 295.00 | English Books | ||
| Non-fiction | Karol Bagh | Karol Bagh | 11/08/2011 | Researchco Book Centre/22384/2010-11/14.3.11/76/4.3.11/17.3.11 | 295.00 | N CHA | B-423093 | 1 | 295.00 | English Books | |||
| Fiction | Patel Nagar | Patel Nagar | 03/08/2011 | Researchco Book Centre/RBC-25096/2011-12/R/20.4.11/76/4.3.11/9.6.11 | 295.00 | N CHA | B-440886 | 1 | 295.00 | English Books | |||
| Fiction | Patel Nagar | Patel Nagar | 11/08/2011 | Researchco Book Centre/22425/2010-11/17.3.11/76/4.3.11/30.3.11 | 295.00 | N CHA | B-428321 | 1 | 295.00 | English Books | |||
| Non-fiction | Sarojini Nagar | Sarojini Nagar | 11/08/2011 | Researchco Book Centre/22384/2010-11/14.3.11/76/4.3.11/17.3.11 | 295.00 | N CHA | B-423092 | 1 | 295.00 | English Books | |||
| Non-fiction | Shahdara Branch | Shahdara Branch | 11/08/2011 | Researchco Book Centre/22384/2010-11/14.3.11/76/4.3.11/17.3.11 | 295.00 | N CHA | B-423094 | 1 | 295.00 | English Books |
